Henri Cartier-Bresson / (Registro nro. 12149)

Detalles MARC
000 -LEADER
longitud fija campo de control 00834nam a22002897a 4500
003 - IDENTIFICADOR DE NUMERO DE CONTROL
control del campo AR-RoUNA
005 - FECHA DE LA ULTIMA MODIFICACION
control del campo 20251003082959.0
008 - CAMPO DE CONTROL - LIBROS
longitud fija campo de control 251001b |||||||| |||| 00| 0 spa d
020 ## - INTERNATIONAL STANDARD BOOK NUMBER
ISBN 9780500410608
040 ## - ORIGEN DE LA CATALOGACION
Agencia que cataloga la obra original AR-RoUNA
Idioma en que se cataloga spa
Entidad que modifico el registro AR-RoUNA
041 ## - CODIGO DE IDIOMA
Codigo de idioma del texto / sonido o titulo separado eng
Codigo de idioma de la traduccion original y / o intermedios de texto eng
044 ## - CODIGO DE PAIS / ENTIDAD PRODUCTORA
Codigo MARC del pais ag
100 1# - ASIENTO PRINCIPAL - NOMBRE PERSONAL
Nombre personal Cartier-Bresson, Henri
Fechas asociadas con el nombre 1908-2004
9 (RLIN) 27468
245 10 - TITULO PROPIAMENTE DICHO
Titulo Henri Cartier-Bresson /
Mencion de responsabilidad, etc Henri Cartier-Bresson; introduccion por Michael Brenson
250 ## - MENCION DE EDICION
Edicion declarada 1a. ed.
260 ## - EDITORIAL - PUBLICACION, DISTRIBUCION, ETC. (Pie de imprenta)
Lugar de publicacion, distribucion, etc Nueva York :
Nombre del editor, distribuidor, etc Thames & Hudson Ltd,
Fecha de publicacion 2006
300 ## - DESCRIPCION FISICA
Extension 71 p.:
Otros detalles fisicos fot. byn.,
Dimensiones 19x13 cm
650 #4 - MATERIA - TERMINO TEMATICO
Término temático general Fotografía
650 #4 - MATERIA - TERMINO TEMATICO
Término temático general Arte
650 #4 - MATERIA - TERMINO TEMATICO
Término temático general Artistas
700 1# - ENTRADA SECUNDARIA - NOMBRES PERSONALES
Nombre personal Michael Brenson
9 (RLIN) 27469
908 ## - SOPORTE
Soporte Imp
930 ## - ACCESION
Numero de accesion (NR) 12249
942 ## - FUENTE DE CLASIFICACION
Clasificacion Dewey Decimal Classification
Tipo de item Libro
945 ## - INFORMACION DE PROCESAMIENTO
Codigo del operador MIA
Fecha de ingreso o modificacion 2025-10-01
980 ## - DECLARACIÓN DE EQUIVALENCIA O SERIE DE REFERENCIA CRUZADA - NOMBRE / TÍTULO PERSONAL [LOCAL, CANADÁ]
Código del operador 1
Nombre del operador Maricel Allasia
Código del operador que modifico el registro 3
Nombre del operador que modifico el registro Germán Grimolizzi
Existencias
Estado retiro Estado perdido Sistema de clasificacion Estado general Restricciones de uso Biblioteca de origen Ubicacion actual Localizacion en estante Fecha de adquisicion Fuente de adquisicion Prestamos totales Signatura y librística Proveedor Numero de ejemplar Tipo de elemento KOHA Nota no publica
Disponible Disponible cdu No dañado Ningun uso de restricciones Arq. Hilarión H. Larguia Arq. Hilarión H. Larguia Sala 01/10/2025 Don   77.0 B843 18385 ej. 1 Libro